| 000 | 00481nam a2200157 a 4500 | ||
|---|---|---|---|
| 001 | 000032601 | ||
| 005 | 20200930065729.0 | ||
| 008 | 110719s1941 dr 000 0 spa d | ||
| 040 |
_aDO-SdBNP _bspa _cBNPHU |
||
| 082 |
_axxxx _bF289p |
||
| 100 | 1 |
_aFebles, Horacio A. A. _958515 |
|
| 245 | 1 | 3 |
_aEl primero de abril y el ejercito : _btres crónicas y un discurso / _cHoracio A. A. Febles. |
| 260 |
_aSanto Domingo : _b[s. n.], _c[1941?]. |
||
| 300 |
_a39 p. ; _c22 cm. |
||
| 049 | _aBNPD | ||
| 999 |
_c32092 _d32092 |
||